Normal view
MARC view
Entry Personal Name
001 - CONTROL NUMBER
- control field: 1237546
003 - CONTROL NUMBER IDENTIFIER
- control field: OSt
005 - DATE AND TIME OF LATEST TRANSACTION
- control field: 20260430150442.0
008 - FIXED-LENGTH DATA ELEMENTS
- fixed length control field: 260430|| aca||aabn | a|a d
040 ## - CATALOGING SOURCE
- Original cataloging agency: OSt
- Transcribing agency: OSt
100 ## - HEADING--PERSONAL NAME
- Personal name: Nandi Tanusri Au.; Khanna Madhu Gu.; Trehanpati Nirupama Gu
670 ## - SOURCE DATA FOUND
- Source citation: Work cat.: (OSt)1849814: Nandi Tanusri Au.; Khanna Madhu Gu.; Trehanpati Nirupama Gu., Study of Innate Immune Mechanism through Small Molecules against Influenza A virus Replication, 2022
